000 00315 a2200145 4500
001 153697
040 _cEscola São Tomás de Aquino
100 _aJUNQUEIRA, Sonia
240 1 0 _aMariana
_lpor
245 1 0 _aMariana
362 0 _a1990
440 1 _aFormato
697 _a*LITERATURA INFANTO JUVENIL
942 _cBK
999 _c153697
_d153697